<?xml version="1.0" encoding="UTF-8"?><?xml-stylesheet type="text/xsl" href="static/style.xsl"?><OAI-PMH xmlns="http://www.openarchives.org/OAI/2.0/" xmlns:xsi="http://www.w3.org/2001/XMLSchema-instance" xsi:schemaLocation="http://www.openarchives.org/OAI/2.0/ http://www.openarchives.org/OAI/2.0/OAI-PMH.xsd"><responseDate>2026-04-27T22:40:07Z</responseDate><request verb="GetRecord" identifier="oai:riubu.ubu.es:10259/7841" metadataPrefix="marc">https://riubu.ubu.es/oai/request</request><GetRecord><record><header><identifier>oai:riubu.ubu.es:10259/7841</identifier><datestamp>2025-09-22T22:42:37Z</datestamp><setSpec>com_10259_2699</setSpec><setSpec>col_10259_2703</setSpec></header><metadata><record xmlns="http://www.loc.gov/MARC21/slim" xmlns:doc="http://www.lyncode.com/xoai" xmlns:xsi="http://www.w3.org/2001/XMLSchema-instance" xmlns:dcterms="http://purl.org/dc/terms/" xsi:schemaLocation="http://www.loc.gov/MARC21/slim http://www.loc.gov/standards/marcxml/schema/MARC21slim.xsd">
<leader>00925njm 22002777a 4500</leader>
<datafield tag="042" ind1=" " ind2=" ">
<subfield code="a">dc</subfield>
</datafield>
<datafield tag="720" ind1=" " ind2=" ">
<subfield code="a">Pinto Cebrián, Miguel Ángel</subfield>
<subfield code="e">author</subfield>
</datafield>
<datafield tag="260" ind1=" " ind2=" ">
<subfield code="c">2022</subfield>
</datafield>
<datafield tag="520" ind1=" " ind2=" ">
<subfield code="a">El burgalés Félix Rodríguez de la Fuente es el más famoso conservacionista y divulgador&#xd;
de la naturaleza del siglo XX de España. Sus aportaciones a la cultura española de la&#xd;
pasada centuria han sido reconocidas desde diferentes ámbitos y, en buena parte, han sido&#xd;
recogidas por la sociedad actual. Ante su figura surgen preguntas como ¿cuál ha sido y&#xd;
es la proyección educadora de Félix Rodríguez de la Fuente?, o ¿cómo ha influido en la&#xd;
trasmisión de nuevos valores ambientales?&#xd;
Para responderlas, este trabajo de investigación ofrece, en una serie de capítulos tratados&#xd;
desde la perspectiva histórico-educativa, el desglose, determinación y comparación de las&#xd;
técnicas comunicativas en la educación, interpretación del patrimonio y divulgación&#xd;
científica, la cuantificación de los recursos didácticos y lingüísticos, así como también&#xd;
presenta el análisis de las tipologías de los mensajes en dos de sus obras audiovisuales y,&#xd;
por último, estudia la presencia de su influencia en la manualística escolar a través de&#xd;
rastros directos e indirectos.&#xd;
Se ha realizado una revisión y análisis documental sobre el perfil educador de Félix&#xd;
Rodríguez de la Fuente a partir de fuentes primarias y las distintas biografías realizadas&#xd;
hasta la fecha. Por otra parte, se efectúa una reflexión comparativa sobre la comunicación&#xd;
en la educación, la interpretación del patrimonio y la divulgación científica. Su&#xd;
proyección educadora se manifiesta por medio de la localización de rastros educativos en&#xd;
la obra audiovisual de Félix Rodríguez de la Fuente, como son El Hombre y la Tierra,&#xd;
Fauna y El Planeta Azul. Finalmente, se muestra la presencia de Félix Rodríguez de la&#xd;
Fuente en los manuales escolares.&#xd;
Con el análisis de todo este material, se confirma la gran proyección educadora de Félix&#xd;
Rodríguez de la Fuente en diferentes ámbitos y se ponen en valor&#xd;
sus aportaciones a la educación española.</subfield>
</datafield>
<datafield tag="520" ind1=" " ind2=" ">
<subfield code="a">Born and raised in the northern province of Burgos, Félix Rodríguez de la&#xd;
Fuente was the most famous conservationist and communicator of the natural&#xd;
world in 20th century Spain. His contributions to Spanish culture in the last&#xd;
century have been widely recognised and he has clearly left a strong mark on&#xd;
today’s society. His overshadowing presence raises the questions: what exactly&#xd;
has been his educational influence, and to what extent has he shaped the adoption of new environmental values?&#xd;
In order to answer these questions, this paper disassembles, analyses,&#xd;
identifies and compares de la Fuente´s communication techniques, and how&#xd;
he applied them in the realms of education, heritage interpretation and popular science communication. The didactic and linguistic resources employed&#xd;
are examined and the message typologies of two of his major audiovisual&#xd;
works are reviewed. Finally, this paper examines direct and indirect evidence&#xd;
of his influence on text books and other teaching materials still used in the&#xd;
school setting.&#xd;
A bibliographical review is undertaken of both primary sources and of&#xd;
the various biographies of de la Fuente that have been written to date. In&#xd;
addition, the paper reflects upon the role of communication in education,&#xd;
heritage interpretation and in the communication of science to non-specialist audiences. His didactic influences can be clearly detected in de la Fuente´s&#xd;
audio-visual works such as El Hombre y la Tierra, Fauna, and El Planeta Azul, as well&#xd;
in school texts.&#xd;
Through the examination of these materials, the ongoing positive influences of de la Fuente on Spanish education are brought to the fore.</subfield>
</datafield>
<datafield tag="024" ind2=" " ind1="8">
<subfield code="a">http://hdl.handle.net/10259/7841</subfield>
</datafield>
<datafield tag="024" ind2=" " ind1="8">
<subfield code="a">10.36443/10259/7841</subfield>
</datafield>
<datafield ind1=" " ind2=" " tag="653">
<subfield code="a">Félix Rodríguez de la Fuente</subfield>
</datafield>
<datafield ind1=" " ind2=" " tag="653">
<subfield code="a">Proyección educadora</subfield>
</datafield>
<datafield ind1=" " ind2=" " tag="653">
<subfield code="a">Divulgación científica</subfield>
</datafield>
<datafield ind1=" " ind2=" " tag="653">
<subfield code="a">Comunicación</subfield>
</datafield>
<datafield ind1=" " ind2=" " tag="653">
<subfield code="a">Interpretación del patrimonio</subfield>
</datafield>
<datafield ind1=" " ind2=" " tag="653">
<subfield code="a">Manualística escolar</subfield>
</datafield>
<datafield ind1=" " ind2=" " tag="653">
<subfield code="a">Educational influences</subfield>
</datafield>
<datafield ind1=" " ind2=" " tag="653">
<subfield code="a">Communication of science</subfield>
</datafield>
<datafield ind1=" " ind2=" " tag="653">
<subfield code="a">Communication</subfield>
</datafield>
<datafield ind1=" " ind2=" " tag="653">
<subfield code="a">Heritage interpretation</subfield>
</datafield>
<datafield ind1=" " ind2=" " tag="653">
<subfield code="a">School text books</subfield>
</datafield>
<datafield tag="245" ind1="0" ind2="0">
<subfield code="a">Félix Rodríguez de la Fuente y su proyección educadora en la escuela y en la sociedad española</subfield>
</datafield>
</record></metadata></record></GetRecord></OAI-PMH>